000 00374nam a22001577a 4500
005 20200604140105.0
008 200604b xxu||||| |||| 00| 0 eng d
041 _aeng
082 _a345.4
110 _aL.I.C
_95787
245 _aL.I.C -2011 (V-2) APRIL TO JUNE
260 _aBOMBAY
_bALL INDIA REPORTER PVT.LTD
300 _a2400;p
650 _aLAW
_95701
942 _cJRL
999 _c6820
_d6818